000 00835nam a2200217 a 4500
003 0
005 20250220090942.0
008 110617s19uu xx 00 eng d
050 _aPHS BF 724.3.S86
_b.C11 2011
100 _aCabarrus, Natasha Erica Atyde.
245 _aEating habits and peer pressure among females in high school IV /
_cNatasha Erica Atyde Cabarrus.
260 _aLas PiƱas City, Philippines :
_bSouthville International School and Colleges,
_c2011.
300 _a35 pages :
_billustrations ;
_c28 cm.
504 _aIncludes bibliographical references.
650 _aEating habits
_xAdolescents.
650 _aPeer pressure
_xPsychological aspects.
650 _aHigh school students
_vPsychology.
650 _aFemale adolescents
_vSocial conditions.
650 _aDietary behavior
_vTeenagers.
942 _2lcc
_cPASS
999 _c98563
_d98563